Statistiken für Nordrhein-Westfalen A-Z

Klicken Sie hier um das Quiz zu spielen!

Allgemein

  • Dieses Quiz wurde 236 mal gespielt
    (67 seit der letzten Aktualisierung)
  • Das Durchschnittsergebnis liegt bei 18 aus 29

Antwortstatistiken

#HinweisAntwort% Korrekt
AWestlichste Großstadt
248.878
Aachen
98%
BEhemalige westdeutsche Hauptstadt
330.579
Bonn
98%
GKreisstadt des Rheinisch-Bergischen Kreis:
111.636
Bergisch {Gladbach}
96%
KGrößte Stadt
1.083.498
Köln
96%
NGrößtes NachbarlandNiederlande
93%
EWichtiger Industriestandort in der Mitte des Ruhrgebiets
582.415
Essen
91%
RBenachbartes BundeslandRheinland-Pfalz
89%
ÜHauptstadt
Enthält ein Ü
620.523
Düsseldorf
86%
DGroßstadt in welcher die Ruhr in den Rhein mündet
495.885
Duisburg
84%
WBergische Stadt bekannt für die Schwebebahn
355.004
Wuppertal
84%
MGroßstadt im nördlichen Westfalen
316.403
Münster
82%
XStadt am Niederrhein
21.521
Xanten
79%
HTraditioneller Narrenruf in Düsseldorf und UmgebungHelau
73%
OKreisfreie Großstadt im westlichen Ruhrgebiet
209.566
Oberhausen
73%
CName von #K in römischer ZeitColonia Claudia Ara Agrippinensium
63%
ÖObergäriges Vollbier aus #K
Enthält ein Ö
Kölsch
59%
YStahlerzeuger aus #D und #E
Enthält ein Y
ThyssenKrupp AG
59%
LLand welches 1947 mit Rheinland und Westfalen zu NRW vereint wurde
durch eine Blume auf dem Landeswappen repräsentiert
Lippe
57%
SBedeutendstes Bergbauprodukt des RuhrgebietsSteinkohle
57%
TBewaldeter Gebirgszug in Westfalen und vermeintlicher Ort einer berühmten Schlacht im Jahre 9 n.Chr.
auch als Osning bekannt
Teutoburger Wald
57%
FGermanischer Großstamm der aus dem Gebiet NRWs kommend Gallien eroberteFranken
50%
PWestfälische Brotspezialität aus RoggenschrotPumpernickel
50%
ÄKreis im Nordwesten des Sauerlands
Enthält ein Ä
408.662
{Märkischer} Kreis
32%
JVereinigte Herzogtümer welche einen Großteil NRWs von 1521-1609 kontrolliertenJülich-Kleve-Berg
30%
ZStadt in der Voreifel
20.444
Zülpich
29%
VBelgisches Gebiet das mehrere nordrhein-westfälische Exklaven (u. a. Mützenich) vom Kernland trennt{Venn}bahn
27%
U19/18 v. Chr. von den Römern ans linke Rheinufer umgesiedelter GermanenstammUbier
21%
IDer Westen Nordrhein-Westfalens war Teil dieser Römischen Provinz
Niedergermanien
Germania {Inferior}
16%
QBeliebtes Museum/ Zoo in der Landeshauptstadt
Enthält ein Q
{Aquazoo} – Löbbecke Museum
13%

Verteilung der Resultate

Perzentil nach korrekt beantworteten Fragen

Anzahl Personen mit jedem Resultat

Ihre Resultats-Entwicklung

Sie haben dieses Quiz seit der letzten Aktualisierung nicht gespielt